Statistika spoljne trgovine SFR Jugoslavije za 1985. godinu
Guardado en:
| Formato: | Libro |
|---|---|
| Lenguaje: | serbio |
| Publicado: |
Beograd
Savezni zavod za statistiku
1986
|
| Edición: | 1. izd. |
| Etiquetas: |
Sin Etiquetas, Sea el primero en etiquetar este registro!
|
MARC
| LEADER | 00000nam a2200000 4500 | ||
|---|---|---|---|
| 001 | c033478 | ||
| 005 | 20250701083640.6 | ||
| 041 | 0 | |a srp | |
| 044 | |a YU | ||
| 245 | 1 | 0 | |a Statistika spoljne trgovine SFR Jugoslavije za 1985. godinu |
| 250 | |a 1. izd. | ||
| 264 | 1 | |a Beograd |b Savezni zavod za statistiku |c 1986 | |
| 300 | |a 810 s. | ||